01011nam a22002535i 450000100060000000300090000600500170001500700030003200800410003504000200007608000210009610000410011724500850015826000620024330000210030549000140032653000340034083000400037485200690041485601120048394200080059599900170060395201370062098905ES-MaACL20250824074354.0t|950918s1877 sp ||||1| spa d aCAM bspa cCAM a821.134.2-23"18"1 aEchegaray, José,d1832-191694652610aO locura o santidad b: drama en tres actos y en prosa / cpor José Echegaray. aMadrid : bAlonso Gullón, c1877 (fJosé M. Ducazcal) a94 p. ; c23 cm.1 aEl Teatro aDisponible en formato digital03aEl teatro (Alonso Gullón)9226609 aES-MaACLjR-2348 q. - Ded. autógr. del autor Olim: B-4604 uhttp://bdh-rd.bne.es/viewer.vm?id=0000103998&page=1yVersión en líneaz(Biblioteca Digital Hispánica) 2udc c98905d98905 001040708Colección_digitalaATENEOMbATENEOMcDEPOd2008-01-17eSCl0oR-2348p1103266r2023-02-23 00:00:00w2023-02-23yMONANT